FoxGraph : Příručka pro uživatele /

Salvato in:
Dettagli Bibliografici
Autore principale: Linhart, Karel (Autore)
Natura: Libro
Lingua:ceco
Pubblicazione: Praha : Grada, 1991
Tags: Aggiungi Tag
Nessun Tag, puoi essere il primo ad aggiungerne!!

MARC

LEADER 00000nam a22000003a 4500
001 stu32093
005 20150617225732.4
008 950320s1991----cs------------------cze-d
020 |a 80-85424-55-X 
040 |a STU  |b slo 
041 0 |a cze 
044 |a cs 
080 |a 681.3.066 
100 1 |a Linhart, Karel  |4 aut 
245 1 |a FoxGraph :  |b Příručka pro uživatele /  |c [aut.] Linhart,Karel 
260 |a Praha :  |b Grada,  |c 1991 
300 |a 114 s 
996 |b J88410  |c J*88410  |l JJK3  |s P  |a 0  |w stu32093_0001